000 00468nam a2200181Ia 4500
001 19565
005 20260306172702.0
008 260306t2005||||xx |||||||||||||| ||spa||
041 _aESP
082 _a340.4
_bG312
100 _aGaceta Jurídica
_eAUT
245 0 _aInterpretaciones fundamentales sobre el régimen económico constitucional
260 _c2005
300 _a96 páginas :
_c23 cm.
650 _aGEN
654 _aCDE
942 _cLIB
_dJUS
_fJUS
_2ddc
_n
999 _c19565
_d19565